[Event "Tradewise Gibraltar Master 2015"]
[Site "Gibraltar ENG"]
[Date "2015.01.31"]
[Round "5.92"]
[White "Michalowski, Peter"]
[Black "Schneider, German"]
[Result "1-0"]
[WhiteElo "2024"]
[BlackElo "2150"]
[PlyCount "59"]
[EventDate "2015.01.27"]
[EventType "swiss"]
[EventRounds "10"]
[EventCountry "ENG"]
[Source "lmi"]
[SourceDate "2015.01.27"]

1. e4 c5 2. Nf3 d6 3. d4 cxd4 4. Nxd4 Nf6 5. Nc3 a6 6. Be3 e5 7. Nb3 Be6 8. f3
Be7 9. Qd2 Nbd7 10. g4 b5 11. g5 b4 12. Ne2 Nh5 13. Ng3 Nxg3 14. hxg3 a5 15. f4
g6 16. Bh3 a4 17. Nc1 exf4 18. gxf4 Qb8 19. Qd4 Rf8 20. Bxe6 fxe6 21. Rxh7 Rf7
22. Rxf7 Kxf7 23. Nd3 b3 24. f5 Ne5 25. fxe6+ Kf8 26. Nxe5 dxe5 27. Qc4 a3 28.
Qf1+ Kg8 29. Qf7+ Kh8 30. Kf2 1-0

[Event "Tradewise Gibraltar Master 2015"]
[Site "Gibraltar ENG"]
[Date "2015.01.31"]
[Round "5.93"]
[White "Herman, Diego"]
[Black "Machlik, Edit"]
[Result "1-0"]
[WhiteElo "2148"]
[BlackElo "1913"]
[PlyCount "63"]
[EventDate "2015.01.27"]
[EventType "swiss"]
[EventRounds "10"]
[EventCountry "ENG"]
[Source "lmi"]
[SourceDate "2015.01.27"]

1. Nc3 d5 2. Nf3 Nf6 3. g3 Bf5 4. Bg2 h6 5. O-O c6 6. d3 e6 7. Bf4 Be7 8. Re1
O-O 9. Qd2 Bh7 10. Rad1 Nbd7 11. Qc1 Qa5 12. e4 Bb4 13. e5 Ne8 14. Bd2 Bxc3 15.
Bxc3 Qxa2 16. Bb4 c5 17. Ba3 b5 18. Qd2 Bxd3 19. Ra1 Qc4 20. cxd3 Qb3 21. Qc3
Qxc3 22. bxc3 a5 23. d4 b4 24. Bb2 Nc7 25. dxc5 Nxc5 26. cxb4 Nd3 27. Reb1 axb4
28. Rxa8 Rxa8 29. Bf1 Nc5 30. Bd4 N5a6 31. Bb6 Rb8 32. Bxc7 1-0

[Event "Tradewise Gibraltar Master 2015"]
[Site "Gibraltar ENG"]
[Date "2015.01.31"]
[Round "5.94"]
[White "Machlik, Monika"]
[Black "Havik, Victor"]
[Result "1/2-1/2"]
[WhiteElo "2015"]
[BlackElo "2137"]
[PlyCount "82"]
[EventDate "2015.01.27"]
[EventType "swiss"]
[EventRounds "10"]
[EventCountry "ENG"]
[Source "lmi"]
[SourceDate "2015.01.27"]

1. d4 d5 2. c4 c6 3. Nc3 Nf6 4. e3 e6 5. Nf3 Bd6 6. Qc2 Nbd7 7. b3 O-O 8. Be2
a6 9. O-O b5 10. Bb2 Bb7 11. e4 b4 12. e5 bxc3 13. Bxc3 Bc7 14. exf6 Qxf6 15.
Rfe1 a5 16. Bd3 g6 17. Ne5 Nxe5 18. dxe5 Qg7 19. c5 Ba6 20. Bd4 Bxd3 21. Qxd3
Rfb8 22. a3 Rb5 23. Rac1 Bd8 24. Qc3 Rab8 25. Rb1 Qf8 26. Rec1 R8b7 27. f4 Be7
28. Qe3 Qb8 29. Rc3 Kf8 30. Kf2 Ke8 31. Ke2 Kd7 32. Kd2 Qa7 33. Kc2 h5 34. g3
Rb8 35. h4 Qb7 36. Rb2 Bd8 37. Kb1 Qa6 38. Qd3 Qa7 39. Ka2 Be7 40. Rbc2 Qb7 41.
Rb2 Qa7 1/2-1/2

[Event "Tradewise Gibraltar Master 2015"]
[Site "Gibraltar ENG"]
[Date "2015.01.31"]
[Round "5.95"]
[White "Burrows, Martin P"]
[Black "Kim, Yongjoo"]
[Result "1-0"]
[WhiteElo "2136"]
[BlackElo "1903"]
[PlyCount "53"]
[EventDate "2015.01.27"]
[EventType "swiss"]
[EventRounds "10"]
[EventCountry "ENG"]
[Source "lmi"]
[SourceDate "2015.01.27"]

1. e4 c6 2. d4 d5 3. e5 c5 4. Nf3 Nc6 5. Bb5 cxd4 6. Nxd4 Bd7 7. e6 fxe6 8.
Bxc6 bxc6 9. O-O Nf6 10. Re1 Kf7 11. Nd2 c5 12. N4f3 g6 13. Ng5+ Ke8 14. Ndf3
Qb6 15. Ne5 Bc8 16. a4 Bg7 17. a5 Qa6 18. c3 Rb8 19. Qc2 Ne4 20. Nxe4 Bxe5 21.
Nxc5 Qd6 22. Qa4+ Kf7 23. Rxe5 Qxc5 24. Qf4+ Kg7 25. Be3 Qc4 26. Bd4 Rf8 27.
Rf5+ 1-0

[Event "Tradewise Gibraltar Master 2015"]
[Site "Gibraltar ENG"]
[Date "2015.01.31"]
[Round "5.96"]
[White "Hamer, Martyn"]
[Black "Jurdao Perez, Marcos Ernesto"]
[Result "1-0"]
[WhiteElo "2014"]
[BlackElo "2131"]
[PlyCount "161"]
[EventDate "2015.01.27"]
[EventType "swiss"]
[EventRounds "10"]
[EventCountry "ENG"]
[Source "lmi"]
[SourceDate "2015.01.27"]

1. Nf3 d5 2. d4 Nf6 3. c4 c6 4. Qc2 e6 5. g3 Be7 6. Bg2 O-O 7. O-O b6 8. b3 Bb7
9. Nbd2 Nbd7 10. e4 dxe4 11. Nxe4 Nxe4 12. Qxe4 Nf6 13. Qe2 c5 14. Bb2 cxd4 15.
Nxd4 Bxg2 16. Kxg2 Qc7 17. Rfd1 Rfd8 18. Qf3 Rac8 19. Nb5 Qb8 20. a4 Qa8 21.
Rxd8+ Rxd8 22. Qxa8 Rxa8 23. a5 bxa5 24. Rxa5 Bc5 25. Bd4 Bxd4 26. Nxd4 Kf8 27.
b4 Rc8 28. c5 Nd5 29. Nc2 Rc7 30. Kf3 Ke7 31. Ra4 Kd7 32. Nd4 a6 33. Nc2 Rc6
34. Ne3 Nc3 35. Ra3 Nb5 36. Rd3+ Kc7 37. Nc4 Kc8 38. Ke4 f6 39. f4 a5 40. Nxa5
Rc7 41. Nc4 Kb7 42. Nd6+ Kc6 43. Nc4 Ra7 44. Na5+ Kc7 45. f5 e5 46. Kd5 Nd4 47.
g4 Ra8 48. Rh3 h6 49. Ra3 Nc2 50. Ra4 Nxb4+ 51. Rxb4 Rxa5 52. Ke6 Kc6 53. Kf7
Ra7+ 54. Kg6 Kxc5 55. Rb8 e4 56. Re8 Kd4 57. h4 e3 58. g5 hxg5 59. hxg5 fxg5
60. Kxg5 Ra1 61. Kg4 Kd3 62. Rd8+ Ke2 63. Rh8 Rg1+ 64. Kf4 Rf1+ 65. Ke4 Rf2 66.
Rh3 Rg2 67. Rxe3+ Kf2 68. Rf3+ Ke2 69. Ra3 Rg5 70. Ra2+ Kd1 71. Kf4 Rh5 72. Ra7
Rh7 73. Kg5 Ke2 74. Kg6 Rh1 75. Kxg7 Rg1+ 76. Kf7 Kf3 77. Ra4 Rg2 78. f6 Rh2
79. Kf8 Rh1 80. f7 Rh5 81. Kg7 1-0

[Event "Tradewise Gibraltar Master 2015"]
[Site "Gibraltar ENG"]
[Date "2015.01.31"]
[Round "5.97"]
[White "Nilsen, Martin"]
[Black "Beltz, Franziska"]
[Result "1-0"]
[WhiteElo "2011"]
[BlackElo "2130"]
[PlyCount "83"]
[EventDate "2015.01.27"]
[EventType "swiss"]
[EventRounds "10"]
[EventCountry "ENG"]
[Source "lmi"]
[SourceDate "2015.01.27"]

1. e3 e5 2. c4 g6 3. d4 e4 4. Nc3 f5 5. Qc2 Nf6 6. g4 Nxg4 7. Nxe4 d5 8. Nc3
Be6 9. Bg2 Nf6 10. Qb3 b6 11. cxd5 Bf7 12. Nf3 c6 13. Ne5 Bxd5 14. Nxd5 cxd5
15. Qb5+ Ke7 16. b3 Ne4 17. Ba3+ Ke6 18. Bxf8 Rxf8 19. Rc1 a6 20. Qa4 Kf6 21.
Ke2 Kg7 22. Rc2 Ra7 23. Rhc1 Qh4 24. Kf1 f4 25. Bxe4 dxe4 26. Rc7+ Rxc7 27.
Rxc7+ Kh6 28. Nf7+ Kh5 29. Qc4 fxe3 30. Qe2+ Qg4 31. Qxe3 Qd1+ 32. Kg2 Qg4+ 33.
Qg3 Qxg3+ 34. hxg3 g5 35. Ne5 Kh6 36. Rb7 b5 37. b4 Rc8 38. d5 Re8 39. Nf7+ Kg6
40. d6 Rf8 41. Ne5+ Kf6 42. Rxb8 1-0

[Event "Tradewise Gibraltar Master 2015"]
[Site "Gibraltar ENG"]
[Date "2015.01.31"]
[Round "5.98"]
[White "Opasiak, Dustin Tennessee"]
[Black "Sanchez Jerez, Emilio Miguel"]
[Result "0-1"]
[WhiteElo "1729"]
[BlackElo "2282"]
[PlyCount "88"]
[EventDate "2015.01.27"]
[EventType "swiss"]
[EventRounds "10"]
[EventCountry "ENG"]
[Source "lmi"]
[SourceDate "2015.01.27"]

1. e4 Nc6 2. Nf3 e6 3. d4 d5 4. Nc3 Nf6 5. e5 Ne4 6. Bd3 Bb4 7. Bd2 Nxd2 8.
Qxd2 Bd7 9. a3 Be7 10. Ne2 a6 11. g4 h5 12. g5 g6 13. Rg1 Na7 14. Nf4 Rg8 15.
Nxh5 gxh5 16. g6 f5 17. Qh6 Bb5 18. g7 Kd7 19. O-O-O Bxd3 20. Rxd3 Qe8 21. Ng5
Bxg5+ 22. Rxg5 Qf7 23. Rh3 Rae8 24. Rhg3 f4 25. Rg1 Re7 26. Qh8 Nb5 27. c3 c5
28. dxc5 Nc7 29. Rg6 Ne8 30. Qxh5 Rxg7 31. c4 Rxg6 32. Rxg6 dxc4 33. Qd1+ Kc8
34. Rg4 Qf5 35. Qf3 Qxe5 36. c6 Qd5 37. cxb7+ Kxb7 38. Qxf4 Rd7 39. Rg1 Nc7 40.
h4 Nb5 41. Qg4 Qd2+ 42. Kb1 c3 43. Qf3+ Rd5 44. Qf7+ Nc7 0-1

[Event "Tradewise Gibraltar Master 2015"]
[Site "Gibraltar ENG"]
[Date "2015.01.31"]
[Round "5.99"]
[White "Buchal, Stephan"]
[Black "Agbabishvili, Lali"]
[Result "1-0"]
[WhiteElo "2273"]
[BlackElo "1978"]
[PlyCount "119"]
[EventDate "2015.01.27"]
[EventType "swiss"]
[EventRounds "10"]
[EventCountry "ENG"]
[Source "lmi"]
[SourceDate "2015.01.27"]

1. g3 g6 2. Bg2 Bg7 3. c4 Nf6 4. Nc3 O-O 5. e4 d6 6. Nge2 c5 7. O-O Nc6 8. d3
a6 9. h3 Rb8 10. a4 Ne8 11. Be3 Nc7 12. d4 cxd4 13. Nxd4 Ne6 14. Nde2 Nc5 15.
Rb1 a5 16. b3 b6 17. Qd2 Bb7 18. Rfd1 Re8 19. Nf4 Nb4 20. Ncd5 Bxd5 21. Nxd5
Nxd5 22. exd5 Qd7 23. Qc2 Na6 24. Rd2 Nb4 25. Qe4 Na6 26. Re2 Bf6 27. Kh2 Qc7
28. Rd1 Nc5 29. Qc2 Nd7 30. Be4 Nc5 31. Bf3 Nd7 32. Kg2 Nc5 33. Rde1 Nd7 34.
Qb1 Nc5 35. Bf4 Nd7 36. Be4 Bc3 37. Rc1 Bf6 38. Rce1 Bc3 39. Rh1 Nc5 40. Bf3
Bg7 41. Qd1 Nd7 42. h4 Qc5 43. h5 Qd4 44. hxg6 hxg6 45. Qg1 Ne5 46. Qh2 Nxf3
47. Qh7+ Kf8 48. Kxf3 Qf6 49. Kg2 g5 50. Bc1 Qg6 51. Qxg6 fxg6 52. Bxg5 Rb7 53.
Re6 Kf7 54. Rh4 Be5 55. Rh7+ Bg7 56. Bh6 Rg8 57. Kf3 Rc7 58. Kg4 Kf8 59. Rxg7
Rxg7 60. Rxg6 1-0

[Event "Tradewise Gibraltar Master 2015"]
[Site "Gibraltar ENG"]
[Date "2015.01.31"]
[Round "5.100"]
[White "Ferreira, Oscar Luiz Vieira"]
[Black "Viana, Dirceu"]
[Result "0-1"]
[WhiteElo "1980"]
[BlackElo "2268"]
[PlyCount "36"]
[EventDate "2015.01.27"]
[EventType "swiss"]
[EventRounds "10"]
[EventCountry "ENG"]
[Source "lmi"]
[SourceDate "2015.01.27"]

1. e4 e6 2. d4 c5 3. Nf3 cxd4 4. Nxd4 Nf6 5. Bd3 Nc6 6. Nb3 Be7 7. O-O O-O 8.
Nc3 b6 9. f4 d6 10. f5 Ne5 11. Nd4 Qd7 12. Bf4 Nxd3 13. Qxd3 e5 14. Bd2 exd4
15. Qxd4 d5 16. Be3 Bc5 17. Qd3 Bxe3+ 18. Qxe3 d4 0-1

[Event "Tradewise Gibraltar Master 2015"]
[Site "Gibraltar ENG"]
[Date "2015.01.31"]
[Round "5.101"]
[White "Klyszcz, Michael"]
[Black "Menna Barreto, Felipe Kubiaki"]
[Result "0-1"]
[WhiteElo "1975"]
[BlackElo "2247"]
[PlyCount "116"]
[EventDate "2015.01.27"]
[EventType "swiss"]
[EventRounds "10"]
[EventCountry "ENG"]
[Source "lmi"]
[SourceDate "2015.01.27"]

1. d4 Nf6 2. Nc3 d5 3. Nf3 c5 4. Bg5 Nbd7 5. e3 e6 6. Be2 Be7 7. O-O b6 8. Ne5
Nxe5 9. dxe5 Nd7 10. Bxe7 Qxe7 11. f4 a6 12. Qe1 Bb7 13. Bf3 O-O-O 14. Ne2 f6
15. Qg3 h5 16. exf6 gxf6 17. Qh4 Rdg8 18. Ng3 Rg7 19. e4 Rxg3 20. hxg3 dxe4 21.
Be2 c4 22. g4 Qc5+ 23. Kh2 f5 24. gxh5 Rh6 25. Rad1 Nf6 26. g4 fxg4 27. Bxg4
Nxg4+ 28. Qxg4 Rxh5+ 29. Kg2 Kb8 30. Qxe6 Ka7 31. Rd7 Rd5 32. Rxb7+ Kxb7 33.
Qxe4 Qc6 34. Qf3 Qg6+ 35. Qg3 Qxc2+ 36. Rf2 Qf5 37. Re2 Rd3 38. Qg7+ Kc6 39.
Qh6+ Rd6 40. Qh4 Rg6+ 41. Kf3 Qd5+ 42. Re4 Re6 43. Qe1 b5 44. Qe3 b4 45. Qd4
Rxe4 46. Qxe4 a5 47. f5 a4 48. f6 Qxe4+ 49. Kxe4 Kd6 50. Kd4 c3 51. bxc3 b3 52.
axb3 a3 53. c4 a2 54. c5+ Ke6 55. Kc4 a1=Q 56. b4 Qf1+ 57. Kd4 Qxf6+ 58. Kc4
Qf1+ 0-1

[Event "Tradewise Gibraltar Master 2015"]
[Site "Gibraltar ENG"]
[Date "2015.01.31"]
[Round "5.102"]
[White "Spanton, Tim R"]
[Black "Scharrer, Patrick"]
[Result "0-1"]
[WhiteElo "1963"]
[BlackElo "2231"]
[PlyCount "104"]
[EventDate "2015.01.27"]
[EventType "swiss"]
[EventRounds "10"]
[EventCountry "ENG"]
[Source "lmi"]
[SourceDate "2015.01.27"]

1. d4 Nf6 2. Nc3 d5 3. Bg5 g6 4. Qd2 Bg7 5. O-O-O h6 6. Bf4 Ne4 7. Nxe4 dxe4 8.
f3 Qd5 9. Kb1 Be6 10. b3 c5 11. dxc5 Qxd2 12. Rxd2 Nd7 13. e3 O-O-O 14. c6 Nb6
15. cxb7+ Kxb7 16. Rxd8 Rxd8 17. Kc1 g5 18. Bg3 Nd5 19. fxe4 Nb4 20. Bd3 Nxd3+
21. cxd3 Rxd3 22. Bf2 Bd7 23. Ne2 Bc6 24. Ng3 Be5 25. Kc2 Rd6 26. Rd1 Bxg3 27.
Bxg3 Bxe4+ 28. Kc1 Rc6+ 29. Kb2 Rc2+ 30. Ka3 Bc6 31. Rf1 f6 32. Rf2 Rxf2 33.
Bxf2 Bxg2 34. Kb4 Kc6 35. Kc4 a6 36. a3 e5 37. Bg3 Bf1+ 38. Kc3 Kd5 39. Kd2 Ke4
40. Ke1 Bh3 41. Ke2 Bg4+ 42. Kf2 f5 43. h4 f4 44. exf4 gxf4 45. Bh2 Bd1 46. b4
Ba4 47. Bg1 Kf5 48. Kg2 Bc6+ 49. Kf1 e4 50. Bf2 e3 51. Be1 f3 52. Bc3 f2 0-1

[Event "Tradewise Gibraltar Master 2015"]
[Site "Gibraltar ENG"]
[Date "2015.01.31"]
[Round "5.103"]
[White "Kuhne, Detlev"]
[Black "Adewole, Adeyinka"]
[Result "0-1"]
[WhiteElo "2131"]
[BlackElo "1962"]
[PlyCount "66"]
[EventDate "2015.01.27"]
[EventType "swiss"]
[EventRounds "10"]
[EventCountry "ENG"]
[Source "lmi"]
[SourceDate "2015.01.27"]

1. Nf3 d5 2. d4 Nf6 3. c4 c6 4. e3 g6 5. Nc3 Bg7 6. Be2 O-O 7. O-O a5 8. b3 Ne4
9. Bb2 e6 10. Qc2 f5 11. Ne5 Nd7 12. Nxd7 Bxd7 13. Nxe4 fxe4 14. f3 Qg5 15. f4
Qe7 16. c5 g5 17. g3 Rf5 18. Rf2 Raf8 19. Raf1 h5 20. Qd1 Be8 21. Bc3 Qf7 22.
Bxa5 e5 23. g4 hxg4 24. Bxg4 exf4 25. Bxf5 Qxf5 26. exf4 e3 27. Rg2 gxf4 28.
Qg4 Qxg4 29. Rxg4 f3 30. Rg3 Bh5 31. Rg5 f2+ 32. Kg2 Bf3+ 33. Kg3 Be2 0-1

[Event "Tradewise Gibraltar Master 2015"]
[Site "Gibraltar ENG"]
[Date "2015.01.31"]
[Round "5.104"]
[White "Boyer Censore, Giuseppe Enmanu"]
[Black "Daneri, Martin"]
[Result "1-0"]
[WhiteElo "1960"]
[BlackElo "2123"]
[PlyCount "65"]
[EventDate "2015.01.27"]
[EventType "swiss"]
[EventRounds "10"]
[EventCountry "ENG"]
[Source "lmi"]
[SourceDate "2015.01.27"]

1. e4 e6 2. d4 d5 3. Nc3 Bb4 4. e5 Ne7 5. a3 Bxc3+ 6. bxc3 b6 7. Qg4 Ng6 8. h4
h5 9. Qg3 Ba6 10. Bg5 Qd7 11. Bxa6 Nxa6 12. a4 c5 13. Qd3 Nc7 14. Ne2 Qc6 15.
O-O Ne7 16. Bxe7 Kxe7 17. Qg3 Rag8 18. Nf4 Kd8 19. Rfd1 Kc8 20. Qf3 Kb7 21.
Nxh5 g6 22. Nf6 Rc8 23. g3 Na6 24. Rdb1 cxd4 25. cxd4 Qxc2 26. a5 Qc3 27. Qe2
Nb4 28. axb6 axb6 29. Qb5 Rc4 30. Qd7+ Rc7 31. Qa4 Rc4 32. Qa7+ Kc8 33. Qa8+
1-0

[Event "Tradewise Gibraltar Master 2015"]
[Site "Gibraltar ENG"]
[Date "2015.01.31"]
[Round "5.105"]
[White "Lobersli, Henrik Oie"]
[Black "Danielsson, Robert"]
[Result "1/2-1/2"]
[WhiteElo "1957"]
[BlackElo "2121"]
[PlyCount "70"]
[EventDate "2015.01.27"]
[EventType "swiss"]
[EventRounds "10"]
[EventCountry "ENG"]
[Source "lmi"]
[SourceDate "2015.01.27"]

1. d4 Nf6 2. c4 g6 3. Nc3 d5 4. Nf3 Bg7 5. cxd5 Nxd5 6. Bg5 Nxc3 7. bxc3 c5 8.
e3 O-O 9. Be2 Nc6 10. O-O h6 11. Bh4 Re8 12. Rb1 cxd4 13. cxd4 Qa5 14. Qb3 b6
15. Rfd1 Ba6 16. Bxa6 Qxa6 17. Bg3 Na5 18. Qa3 Rac8 19. Rbc1 Qb7 20. h3 e6 21.
Rxc8 Rxc8 22. Rc1 Rxc1+ 23. Qxc1 Qc6 24. Qxc6 Nxc6 25. a4 Kf8 26. Kf1 Ke7 27.
Ke2 Kd7 28. Kd3 Bf8 29. Kc4 a6 30. e4 f6 31. Nd2 Bd6 32. Bxd6 Kxd6 33. Nf1 b5+
34. axb5 axb5+ 35. Kxb5 Nxd4+ 1/2-1/2

[Event "Tradewise Gibraltar Master 2015"]
[Site "Gibraltar ENG"]
[Date "2015.01.31"]
[Round "5.106"]
[White "Mehlhorn, Uwe"]
[Black "Tortolero, Cesar"]
[Result "1-0"]
[WhiteElo "2121"]
[BlackElo "1937"]
[PlyCount "85"]
[EventDate "2015.01.27"]
[EventType "swiss"]
[EventRounds "10"]
[EventCountry "ENG"]
[Source "lmi"]
[SourceDate "2015.01.27"]

1. c4 c5 2. Nc3 Nc6 3. g3 g6 4. Bg2 Bg7 5. Nf3 d6 6. O-O e5 7. d3 Nge7 8. Rb1
O-O 9. a3 a5 10. Ne1 Be6 11. Nd5 Bxd5 12. cxd5 Nd4 13. e3 Nb5 14. Nc2 b6 15.
Bd2 Nc7 16. e4 b5 17. b3 Na6 18. Qe1 Nb8 19. Ne3 f5 20. f4 Nd7 21. Kh1 b4 22.
a4 Nb6 23. Qe2 Kh8 24. Bc1 fxe4 25. dxe4 Rc8 26. Bb2 c4 27. Nxc4 Rxc4 28. bxc4
Nxa4 29. Ba1 Nc3 30. Bxc3 bxc3 31. f5 gxf5 32. Qd3 f4 33. Qxc3 Qc7 34. Rb5 Rc8
35. Rxa5 Ng6 36. c5 dxc5 37. Bh3 Rb8 38. Rxc5 Qb7 39. Rc8+ Nf8 40. Rc7 Qb4 41.
Qxb4 Rxb4 42. Bf5 fxg3 43. hxg3 1-0

[Event "Tradewise Gibraltar Master 2015"]
[Site "Gibraltar ENG"]
[Date "2015.01.31"]
[Round "5.107"]
[White "Holleland, Sigve"]
[Black "Lochte, Szilvia"]
[Result "0-1"]
[WhiteElo "2116"]
[BlackElo "1934"]
[PlyCount "55"]
[EventDate "2015.01.27"]
[EventType "swiss"]
[EventRounds "10"]
[EventCountry "ENG"]
[Source "lmi"]
[SourceDate "2015.01.27"]

1. d4 Nf6 2. c4 e6 3. Nc3 Bb4 4. Bg5 h6 5. Bh4 c5 6. dxc5 Bxc5 7. e4 Nc6 8. Nf3
g5 9. Bg3 d6 10. e5 Nh5 11. exd6 Nxg3 12. hxg3 g4 13. Nd2 f5 14. Nb3 Bxd6 15.
Qe2 Qg5 16. Rd1 Be5 17. Nb5 O-O 18. N5d4 Nxd4 19. Qxe5 Nc2+ 20. Ke2 Nb4 21. f4
gxf3+ 22. gxf3 Nc6 23. Qe3 Rf7 24. Rxh6 f4 25. Qe4 Qxh6 26. Nc5 Qh2+ 27. Kd3
Qxb2 28. Bh3 0-1

[Event "Tradewise Gibraltar Master 2015"]
[Site "Gibraltar ENG"]
[Date "2015.01.31"]
[Round "5.108"]
[White "Morais, Vitor"]
[Black "De Rosa, Mariagrazia"]
[Result "0-1"]
[WhiteElo "1934"]
[BlackElo "2101"]
[PlyCount "82"]
[EventDate "2015.01.27"]
[EventType "swiss"]
[EventRounds "10"]
[EventCountry "ENG"]
[Source "lmi"]
[SourceDate "2015.01.27"]

1. c4 Nf6 2. Nc3 g6 3. g3 Bg7 4. Bg2 O-O 5. e3 d6 6. Nge2 e5 7. d4 exd4 8. Nxd4
Nbd7 9. O-O Nc5 10. b4 Ne6 11. Rb1 Nxd4 12. exd4 Bf5 13. Rb3 Qc8 14. Re1 Bh3
15. Bh1 Rb8 16. Bg5 Qf5 17. Qd2 Rfe8 18. Rbb1 c6 19. Bf4 Rbd8 20. Bg5 d5 21.
cxd5 cxd5 22. Bxf6 Bxf6 23. Nb5 a6 24. Nc3 Bg5 25. f4 Rxe1+ 26. Rxe1 Bf6 27.
Bg2 h5 28. Nd1 Bxg2 29. Kxg2 Rc8 30. Nf2 Rc4 31. b5 Bxd4 32. Rd1 Bxf2 33. Qxf2
Rc2 34. Rd2 Qe4+ 35. Kh3 Qf5+ 36. Kg2 Qe4+ 37. Kh3 Rxd2 38. Qxd2 axb5 39. Qa5
d4 40. Qxb5 d3 41. Qd7 Qe6+ 0-1

[Event "Tradewise Gibraltar Master 2015"]
[Site "Gibraltar ENG"]
[Date "2015.01.31"]
[Round "5.109"]
[White "Gieritz, Dietmar"]
[Black "Gravett, Alan D"]
[Result "1-0"]
[WhiteElo "2048"]
[BlackElo "1877"]
[PlyCount "61"]
[EventDate "2015.01.27"]
[EventType "swiss"]
[EventRounds "10"]
[EventCountry "ENG"]
[Source "lmi"]
[SourceDate "2015.01.27"]

1. Nf3 Nf6 2. g3 d5 3. Bg2 c6 4. d4 Bf5 5. c4 e6 6. Nc3 h6 7. a4 a5 8. Qb3 Ra7
9. O-O Be7 10. Rd1 Nbd7 11. Ne1 O-O 12. Bf4 dxc4 13. Qxc4 Nb6 14. Qb3 Nbd5 15.
Bd2 Qb6 16. Qxb6 Nxb6 17. e4 Bg6 18. d5 exd5 19. Be3 d4 20. Bxd4 c5 21. Be3 Bh5
22. f3 Nc4 23. Bc1 g5 24. Nd3 Nb6 25. Be3 Rc8 26. Ne5 Raa8 27. g4 Bg6 28. Nxg6
fxg6 29. e5 Ne8 30. f4 Nc4 31. Bd5+ 1-0

[Event "Tradewise Gibraltar Master 2015"]
[Site "Gibraltar ENG"]
[Date "2015.01.31"]
[Round "5.110"]
[White "Burke, Mitchell R"]
[Black "Fomani, Medhi"]
[Result "1/2-1/2"]
[WhiteElo "1928"]
[BlackElo "2033"]
[PlyCount "91"]
[EventDate "2015.01.27"]
[EventType "swiss"]
[EventRounds "10"]
[EventCountry "ENG"]
[Source "lmi"]
[SourceDate "2015.01.27"]

1. e4 d5 2. exd5 Qxd5 3. Nc3 Qa5 4. Bc4 Nf6 5. d3 c6 6. Nge2 Bg4 7. O-O e6 8.
f3 Bf5 9. Ng3 Bg6 10. Nce4 Be7 11. Kh1 O-O 12. Ne2 Nbd7 13. Nf4 Rad8 14. Qe1
Qxe1 15. Rxe1 Nxe4 16. dxe4 Ne5 17. Be2 Bb4 18. Rf1 Bc5 19. Nd3 Nxd3 20. Bxd3
f6 21. Re1 e5 22. Be3 Bd4 23. Bxd4 Rxd4 24. Kg1 Rfd8 25. Kf2 Bf7 26. Ke3 b5 27.
b3 a6 28. Rad1 Kf8 29. c3 R4d6 30. Be2 Ke7 31. Rxd6 Rxd6 32. Rd1 Rxd1 33. Bxd1
Kd6 34. Bc2 Kc5 35. Kd3 g5 36. a3 h5 37. h3 Be6 38. g4 h4 39. Bd1 a5 40. Bc2
Kb6 41. Ke3 Bf7 42. Bd1 c5 43. b4 Ba2 44. Be2 Bb3 45. Kd2 Ba2 46. Ke3 1/2-1/2

[Event "Tradewise Gibraltar Master 2015"]
[Site "Gibraltar ENG"]
[Date "2015.01.31"]
[Round "5.111"]
[White "Weishaeutel, Moritz"]
[Black "Nwoye, Nnamdi"]
[Result "0-1"]
[WhiteElo "1905"]
[BlackElo "2015"]
[PlyCount "31"]
[EventDate "2015.01.27"]
[EventType "swiss"]
[EventRounds "10"]
[EventCountry "ENG"]
[Source "lmi"]
[SourceDate "2015.01.27"]

1. e4 c5 2. Nf3 Nc6 3. d4 cxd4 4. Nxd4 Nf6 5. Nc3 g6 6. Be3 Bg7 7. f3 d5 8. Bb5
Bd7 9. exd5 Nb4 10. Bc4 Qa5 11. Qd2 Rc8 12. Bb3 Nfxd5 13. Nxd5 Bxd4 14. Bxd4
Nxc2+ 15. Bxc2 Qxd5 16. Bxh8 0-1

[Event "Tradewise Gibraltar Master 2015"]
[Site "Gibraltar ENG"]
[Date "2015.01.31"]
[Round "5.112"]
[White "Curado, Manuel Joao Ferro"]
[Black "Henderson De La Fuente, Lance"]
[Result "1-0"]
[WhiteElo "1860"]
[BlackElo "2014"]
[PlyCount "61"]
[EventDate "2015.01.27"]
[EventType "swiss"]
[EventRounds "10"]
[EventCountry "ENG"]
[Source "lmi"]
[SourceDate "2015.01.27"]

1. e4 c5 2. Nf3 Nc6 3. b4 cxb4 4. d4 d5 5. exd5 Qxd5 6. c4 bxc3 7. Nxc3 Qa5 8.
Bd2 e6 9. Qb3 Qd8 10. d5 exd5 11. Nxd5 Be6 12. Bc4 Nf6 13. Qxb7 Rc8 14. Nxf6+
Qxf6 15. O-O Qe7 16. Qa6 Qa3 17. Rac1 Bd6 18. Qb5 Bd7 19. Rc3 a6 20. Re1+ Ne7
21. Qg5 Qa4 22. Qxg7 Rf8 23. Bh6 Kd8 24. Qxf8+ Be8 25. Bg5 Qb4 26. Bxe7+ Bxe7
27. Rd3+ Kc7 28. Rxe7+ Kc6 29. Qh6+ Kc5 30. Qd6+ Kxc4 31. Re4+ 1-0

[Event "Tradewise Gibraltar Master 2015"]
[Site "Gibraltar ENG"]
[Date "2015.01.31"]
[Round "5.113"]
[White "George, Lolomari Erekosima"]
[Black "Green, Per"]
[Result "0-1"]
[WhiteElo "1857"]
[BlackElo "1996"]
[PlyCount "63"]
[EventDate "2015.01.27"]
[EventType "swiss"]
[EventRounds "10"]
[EventCountry "ENG"]
[Source "lmi"]
[SourceDate "2015.01.27"]

1. Nf3 c5 2. g3 g6 3. Bg2 Bg7 4. O-O Nc6 5. c4 Nf6 6. Nc3 O-O 7. d4 cxd4 8.
Nxd4 Nxd4 9. Qxd4 d6 10. Qd2 Rb8 11. b3 b6 12. Bb2 Bb7 13. Bxb7 Rxb7 14. Rac1
Qd7 15. e4 Qh3 16. f3 Bh6 17. f4 Ng4 18. Rce1 a6 19. Nd5 b5 20. Rc1 Bg7 21.
Bxg7 Kxg7 22. Rc2 bxc4 23. Rxc4 h5 24. Qb2+ f6 25. Rc2 Nh6 26. Rfc1 Rfb8 27. e5
dxe5 28. fxe5 Qf5 29. exf6+ exf6 30. Rc7+ Rxc7 31. Rxc7+ Nf7 32. Rxf7+ 0-1

[Event "Tradewise Gibraltar Master 2015"]
[Site "Gibraltar ENG"]
[Date "2015.01.31"]
[Round "5.115"]
[White "Christophe-Hayot, Romain"]
[Black "Odeh, Kenneth"]
[Result "0-1"]
[WhiteElo "1793"]
[BlackElo "1982"]
[PlyCount "58"]
[EventDate "2015.01.27"]
[EventType "swiss"]
[EventRounds "10"]
[EventCountry "ENG"]
[Source "lmi"]
[SourceDate "2015.01.27"]

1. Nf3 Nf6 2. g3 g6 3. Bg2 Bg7 4. O-O O-O 5. d4 d5 6. Bf4 Nh5 7. Be3 c6 8. Qc1
Re8 9. Bh6 Bh8 10. Rd1 Na6 11. Nc3 Nc7 12. e4 Bg4 13. h3 Bxf3 14. Bxf3 Ng7 15.
g4 Nge6 16. exd5 Nxd4 17. Bg2 Nxd5 18. Bxd5 cxd5 19. Kg2 e6 20. Rd3 Rc8 21. Qd2
Nc6 22. f4 Nb4 23. Rf3 d4 24. Qe2 dxc3 25. bxc3 Rxc3 26. Rxc3 Bxc3 27. Rd1 Nd5
28. Rd3 Bg7 29. f5 Bxh6 0-1

[Event "Tradewise Gibraltar Master 2015"]
[Site "Gibraltar ENG"]
[Date "2015.01.31"]
[Round "5.116"]
[White "Jameson, David"]
[Black "Mahoney, Ian"]
[Result "1/2-1/2"]
[WhiteElo "2068"]
[BlackElo "1838"]
[PlyCount "81"]
[EventDate "2015.01.27"]
[EventType "swiss"]
[EventRounds "10"]
[EventCountry "ENG"]
[Source "lmi"]
[SourceDate "2015.01.27"]

1. c4 c5 2. g3 Nf6 3. Nc3 e6 4. Bg2 d6 5. b3 a6 6. Bb2 Qc7 7. d3 Nbd7 8. Nh3
Be7 9. O-O O-O 10. e4 Rb8 11. a4 Ne5 12. f4 Ng6 13. g4 Ne8 14. f5 Ne5 15. g5 f6
16. gxf6 Nxf6 17. Nf4 exf5 18. Ncd5 Nxd5 19. Nxd5 Qd8 20. Bxe5 dxe5 21. Qh5 g6
22. Qe2 f4 23. Qf3 Bd6 24. Bh3 Qh4 25. Bxc8 Rbxc8 26. Rf2 g5 27. Rg2 h5 28. h3
Rf7 29. Kf1 Rcf8 30. Ke2 Rg7 31. Rag1 Kf7 32. Ne3 Ke6 33. Nf5 Rxf5 34. exf5+
Kxf5 35. Qe4+ Kf6 36. Qd5 Bf8 37. Qf3 Kf5 38. Qe4+ Kf6 39. Qf3 Kf5 40. Qe4+ Kf6
41. Qf3 1/2-1/2